000 01384nam0a2200313 4500
001 RU\NLR\BIBL_A\022707491
005 20260623074647.0
010 _a978-5-6054454-4-9
_9100
021 _aRU
_bКН-П-25-072317
_9КН-П-25-7007
035 _a(NLR Aleph) 022707491
090 _a13736899
_c13736899
100 _a20260122d2025 u y0rusy50 ca
101 0 _arus
102 _aRU
105 _aa j 000yy
181 0 _ai3
_baxxe
182 0 _an
200 1 _aМетодические рекомендации по информационно-аналитической работе в мессенджере Telegram
_fЕ. А. Рабческий, А. В. Анфалов
203 _aТекст
_bвизуальный
_cнепосредственный
210 _aПермь
_cСЕУСЛАБ
_d2025
215 _a83 с.
_cил., табл.
_d21
606 1 _aОперативно-розыскные мероприятия
_jМетодические пособия
_xИнформационное обеспечение
_yРоссийская Федерация
_92182302
_3RU\NLR\AUTH\661312255
686 1 _aХ629.372с51
700 1 _aРабчевский
_bЕ. А.
_gЕвгений Андреевич
701 1 _aАнфалов
_bА. В.
_gАлександр Викторович
942 _cBOOK
980 _aNB